(Record no. 190106)

MARC details
000 -LEADER
fixed length control field 00418nam a2200145Ia 4500
041 ## - LANGUAGE CODE
Language code of text/sound track or separate title Arabic
082 ## - DEWEY DECIMAL CLASSIFICATION NUMBER
Classification number 807.9 cut-822 غ
100 ## - MAIN ENTRY--PERSONAL NAME
Personal name 20260118u\\\\\\\\\\\y0engy0103\\\\ba
Personal name كمال غمبار
245 #0 - TITLE STATEMENT
Title دراسات نقدية في الثقافة الكوردية - الجزء الاول -
250 ## - EDITION STATEMENT
Edition statement ط1
260 ## - PUBLICATION, DISTRIBUTION, ETC. (IMPRINT)
Name of publisher, distributor, etc مطبعة شهاب
Place of publication, distribution, etc اربيل
Date of publication, distribution, etc 2005
300 ## - PHYSICAL DESCRIPTION
Extent 256
942 ## - ADDED ENTRY ELEMENTS (KOHA)
Koha item type Books
Holdings
Withdrawn status Lost status Damaged status Not for loan Collection code Home library Current library Shelving location Date acquired Total Checkouts Full call number Barcode Date last seen Copy number Price effective from Koha item type
          Koya University Central Library Koya University Central Library Books 18/01/2026   807.9 cut-822 غ 0000095970 18/01/2026 1 18/01/2026 Books